000
00250nam a2200097Ia 4500
001
640170
005
20250826153442.0
008
250824s9999 xx 000 0 und d
245
0
_a
8 Dünyanın Sonu Mu Geldi?
_c
Kate McMullan
260
_b
BEYAZ BALİNA
999
_c
640170
_d
640170